000 00655nam a2200217 i 4500
001 0008144284
003 OSt
005 20260530100135.0
008 260427 2026 fre
020 _a9781039715882
040 _aQMBND
_bfre
_erda
_cQMBND
082 _aALB JAC
100 1 _aJacob, Catherine
245 0 0 _aBetsy Laruche aide les coccinelles
264 1 _bďitions Scholastic,
_c2026
336 _atexte
_btxt
_2rdacontent
337 _asans mďiation
_bn
_2rdamedia
338 _avolume
_bnc
_2rdacarrier
942 _2ddc
_cALBUM
999 _c18866
_d18866